000 00240nam a2200097Ia 4500
001 681219
005 20250826161356.0
008 250824s9999 xx 000 0 und d
245 0 _aEYVAH KİTAP!
_cMİNE SOYSAL
260 _bGÜNIŞIĞI YAYINLARI
999 _c681219
_d681219